[Event "Bloemfontein-ch op"]
[Site "Bloemfontein"]
[Date "2018.07.10"]
[Round "6"]
[White "Sekharume, Lefu"]
[Black "Sikwati, Lizo"]
[Result "0-1"]
[WhiteElo "1500"]
[BlackElo "1681"]
[PlyCount "80"]
[EventDate "2018.07.07"]
[EventType "swiss"]
[EventRounds "11"]
[EventCountry "RSA"]
[SourceTitle "EXT 2019"]
[Source "ChessBase"]
[SourceDate "2018.10.10"]
[SourceVersion "1"]
[SourceVersionDate "2018.10.10"]
[SourceQuality "1"]

1. e4 e5 2. Nf3 Nc6 3. Bc4 Be7 4. 0-0 Nf6 5. d4 d6 6. dxe5 Nxe5 7. Nxe5 dxe5 8. Nc3 Qxd1 9. Rxd1 Bc5 10. Nd5 Nxd5 11. exd5 Bf5 12. c3 Ke7 13. Re1 f6 14. Be3 Kd6 15. Rad1 Rhd8 16. f3 Bxe3+ 17. Rxe3 Kc5 18. Bb3 a5 19. a4 Ra6 20. Rc1 Rb6 21. c4 Rb4 22. Kf2 Rd6 23. Ra1 Rdb6 24. Ra3 c6 25. Rc3 cxd5 26. cxd5+ Kd6 27. Ke3 Bg6 28. g3 e4 29. f4 Bf7 30. Bc2 Bxd5 31. Rc8 Rc6 32. Rd8+ Ke6 33. Rc3 Rxb2 34. Rxc6+ Bxc6 35. Rd2 f5 36. h3 Rb4 37. g4 Bxa4 38. gxf5+ Kxf5 39. Rd5+ Kf6 40. Bxe4 Rxe4+ 0-1

[Event "RSA-chT Inter Provincial"]
[Site "Bloemfontein"]
[Date "2017.08.31"]
[Round "1.2"]
[White "Klaasen, Calvin Jong"]
[Black "Sikwati, Lizo"]
[Result "1-0"]
[WhiteElo "2268"]
[BlackElo "1715"]
[PlyCount "87"]
[EventDate "2017.08.31"]
[EventType "team-swiss"]
[EventRounds "6"]
[EventCountry "RSA"]
[SourceTitle "CBM 180 Extra"]
[Source "ChessBase"]
[SourceDate "2017.10.06"]
[SourceVersion "1"]
[SourceVersionDate "2017.10.06"]
[SourceQuality "1"]
[WhiteTeam "Western Cape"]
[BlackTeam "Northern Cape"]
[WhiteTeamCountry "RSA"]
[BlackTeamCountry "RSA"]

1. e4 d5 2. exd5 Nf6 3. Bb5+ Bd7 4. Be2 Nxd5 5. Nf3 Nc6 6. d4 g6 7. c4 Nf6 8. Nc3 Bg7 9. 0-0 0-0 10. h3 e6 11. Bg5 Ne7 12. Qd2 c6 13. Ne5 Bc8 14. Rad1 Nd7 15. Nf3 Re8 16. Ne4 f6 17. Bf4 Qb6 18. Nd6 Rf8 19. Rfe1 Nf5 20. c5 Qd8 21. Bc4 Nxd6 22. Bxd6 Re8 23. Rxe6 Rxe6 24. Bxe6+ Kh8 25. Re1 Nf8 26. d5 Bd7 27. Bxd7 Qxd7 28. Re7 Qf5 29. Rxb7 Qb1+ 30. Kh2 Qxa2 31. dxc6 Rc8 32. c7 Ne6 33. Rb8 Qa6 34. Qd5 Nxc7 35. Bxc7 Rxb8 36. Bxb8 Qc8 37. Bd6 Bf8 38. Bxf8 Qxf8 39. Qd6 Kg8 40. Qxf8+ Kxf8 41. Nd4 Ke8 42. b4 a6 43. Kg3 Kd7 44. Kf4 1-0

[Event "Boksburg Inter Region-ch"]
[Site "Boksburg"]
[Date "2016.12.21"]
[Round "4.2"]
[White "Sikwati, Lizo"]
[Black "Van den Berg, Ane"]
[Result "1-0"]
[WhiteElo "1468"]
[BlackElo "1115"]
[PlyCount "79"]
[EventDate "2016.12.20"]
[EventType "team-swiss"]
[EventRounds "7"]
[EventCountry "RSA"]
[SourceTitle "CBM 176 Extra"]
[Source "ChessBase"]
[SourceDate "2017.03.02"]
[SourceVersion "1"]
[SourceVersionDate "2017.03.02"]
[SourceQuality "1"]
[WhiteTeam "Northern Cape"]
[BlackTeam "Little Knights"]
[WhiteTeamCountry "RSA"]
[BlackTeamCountry "RSA"]

1. d4 c6 2. Nf3 d5 3. Bf4 Nf6 4. Nbd2 Bf5 5. e3 e6 6. Ne5 Bd6 7. Be2 0-0 8. g4 Be4 9. Nxe4 dxe4 10. c3 Nd5 11. Bg3 b5 12. g5 Bxe5 13. Bxe5 Qxg5 14. Kd2 f5 15. Rg1 Qh4 16. Rxg7+ Kh8 17. Rg4+ Qf6 18. Bxf6+ Nxf6 19. Rg5 Nbd7 20. Qb3 Rae8 21. Rag1 a6 22. Qb4 Rd8 23. Qe7 Rg8 24. Rxg8+ Rxg8 25. Rxg8+ Kxg8 26. Qxe6+ Kh8 27. Qxc6 Kg7 28. Qxa6 Kg6 29. Qxb5 Kg5 30. a4 h5 31. a5 Kh4 32. a6 Kh3 33. Qxf5+ Kxh2 34. Bxh5 Kg2 35. a7 Nxh5 36. a8Q Ndf6 37. Qac8 Kf1 38. Qh3+ Kg1 39. Qc7 Kxf2 40. Qch2# 1-0

[Event "RSA-ch U18"]
[Site "Bloemfontein"]
[Date "2016.03.23"]
[Round "6"]
[White "Smith, David2222"]
[Black "Sikwati, Lizo"]
[Result "1/2-1/2"]
[WhiteElo "1632"]
[BlackElo "1473"]
[PlyCount "40"]
[EventDate "2016.03.20"]
[EventType "swiss"]
[EventRounds "11"]
[EventCountry "RSA"]
[SourceTitle "CBM 171 Extra"]
[Source "ChessBase"]
[SourceDate "2016.04.26"]
[SourceVersion "1"]
[SourceVersionDate "2016.04.26"]
[SourceQuality "1"]

1. e4 e6 2. d4 d5 3. Nd2 c5 4. exd5 Qxd5 5. Ngf3 Nc6 6. Bc4 Qd8 7. Nb3 cxd4 8. Nbxd4 Nxd4 9. Qxd4 Qxd4 10. Nxd4 Bd7 11. 0-0 Rc8 12. Bb3 Bc5 13. Nf3 Bb5 14. Re1 Nf6 15. Be3 Ne4 16. c3 0-0 17. Bd4 Nd6 18. Bc2 Nc4 19. Bd3 Nd6 20. Bxb5 Nxb5 1/2-1/2